Introductory mining engineering

Saved in:
Bibliographic Details
Main Authors: Hartman, Howard L (Author), Mutmansky, Jan M (Author)
Format: Book
Language:English
Published: Oxford John Wiley and Sons Inc. 2002
Edition:2a. ed
Subjects:
Tags: Add Tag
No Tags, Be the first to tag this record!

MARC

LEADER 00000cam a2200000 a 4500
001 UCE0912
003 CL-VaPUC
008 140317e20020000uk |||||||||||||||||eng|d
020 |a 9788126511358 
082 0 4 |a 622  |b HAR  |2 21 
100 |a Hartman, Howard L  |e author  |9 580401 
700 0 |a Mutmansky, Jan M  |e author  |9 573312 
245 1 0 |a Introductory mining engineering 
250 |a 2a. ed 
300 |a 570 p 
942 |c BK 
945 |d 20140317 10:17:00  |a dcastane 
260 |a Oxford  |b John Wiley and Sons Inc.  |c 2002 
650 7 |a INGENIERIA DE MINAS  |2 CL-VaPUC  |9 573313 
650 0 |a Planificación estratégica   |9 259735 
650 0 |a Desarrollo sustentable  |9 333905 
583 |a last modification  |c 20140317 10:17:00  |k Rodrigo Vera 
999 |c 354916  |d 354914 
952 |0 0  |1 0  |3 erb  |4 0  |6 622_000000000000000_HAR_2002  |7 0  |8 A  |9 461141  |a BIBING  |b BIBING  |i 5060850  |o 622 HAR 2002  |p 5060850  |r 2023-03-02  |w 2019-11-23  |y BK  |z Catalogado en:20140317  |k EIQ 
952 |0 0  |1 0  |3 erb  |4 0  |6 622_000000000000000_HAR_2002  |7 0  |8 A  |9 461142  |a BIBING  |b BIBING  |i 5060869  |l 2  |o 622 HAR 2002  |p 5060869  |r 2025-01-20  |s 2023-06-30  |w 2019-11-23  |y BK  |z Catalogado en:20140317  |k EIQ 
952 |0 0  |1 0  |3 erb  |4 0  |6 622_000000000000000_HAR_2002  |7 0  |8 A  |9 461143  |a BIBING  |b BIBING  |i 5060877  |o 622 HAR 2002  |p 5060877  |r 2025-01-20  |w 2019-11-23  |y BK  |z Catalogado en:20140317  |k EIQ